000 00387nam a22001457a 4500
005 20250221102823.0
008 250221b |||||||| |||| 00| 0 eng d
020 _a9788125914396
050 _aHF5686
_b.C8 ARO
100 _aArora. M. N.
245 _aA Textbook of cost accountancy
260 _aNew Delhi
_bVikas Publishing House Pvt Ltd
_cc2003
300 _a1069p
942 _2lcc
_cBK
_n0
999 _c4015
_d4015